| 000 | 01261cam a2200361 i 4500 | ||
|---|---|---|---|
| 001 | 145617 | ||
| 003 | ARRUPE | ||
| 005 | 20150109140535.0 | ||
| 008 | 830315s1976 nyu b 001 0 eng | ||
| 010 | _a 75028364 | ||
| 020 | _a0387074937 | ||
| 035 | _a(OCoLC)1659571 | ||
| 035 | _a(OCoLC)ocm01659571 | ||
| 035 | _a(CStRLIN)NYCG83-B19418 | ||
| 035 | _a(NNC)145617 | ||
| 040 | _cfdf | ||
| 041 | 1 | _aengger | |
| 050 | 0 |
_aQ175 _b.S762 |
|
| 082 | _a501 | ||
| 090 |
_aQ175 _b.S762 |
||
| 100 | 1 |
_aStegmüller, Wolfgang. _913668 |
|
| 240 | 1 | 0 |
_aProbleme und Resultate der Wissenschaftstheorie und analytischen Philosophie. _n2, _pTheorie und Erfahrung. _n2. Halbbd. _lEnglish |
| 245 | 1 | 4 |
_aThe structure and dynamics of theories / _cWolfgang Stegmüller. |
| 260 |
_aNew York : _bSpringer-Verlag, _c1976. |
||
| 300 |
_axvii, 284 p. ; _c24 cm. |
||
| 500 | _aTranslation of Theorienstrukturen und Theoriendynamik, originally published as v. 2, pt. 2 of the author's Probleme und Resultate der Wissenschaftstheorie und analytischen Philosophie. | ||
| 500 | _aIncludes index. | ||
| 504 | _aBibliography: p. 273-277. | ||
| 650 | 0 |
_aScience _xMethodology. _913669 |
|
| 650 | 0 |
_aScience _xPhilosophy. _913670 |
|
| 942 |
_2lcc _cMONOGRAPH |
||
| 999 |
_c121570 _d121570 |
||